ბათუმის შოთა რუსთაველის სახელმწიფო უნივერსიტეტის ბიბლიოთეკა

კურორტი საირმე / (ბიბ.ჩანაწერი № 61985)

000 -ლიდერი
ფიქსირებული სიგრძის საკონტროლო ველი 00747nam a22001817a 4500
003 - საკონტროლო ნომრის იდენტიფიკატორი
საკონტროლო ველი Ge_BSU
005 - ბოლო ოპერაციის თარიღი და დრო
საკონტროლო ველი 20240619105455.0
008 - ფიქსირებული სიგრძის მონაცემთა ელემენტები - ზოგადი ინფორმაცია
ფიქსირებული სიგრძის საკონტროლო ველი 240619s1954 ge ||||| |||| 00| 0 geo d
041 ## - ენის კოდი
Language code of text/sound track or separate title geo
080 ## - უნივერსალური ათობითი კლასიფიკაციის ინდექსი
Universal Decimal Classification number 615.838(479.22) ნ-63
100 ## - მთავარი ჩანაწერი - პიროვნების სახელი
Personal name ნიკობაძე, ი.
9 (RLIN) 22486
245 ## - ცნობა სათაურის შესახებ
Title კურორტი საირმე /
Statement of responsibility, etc ი. ნიკობაძე; რედ. ა. წულუკიძე.
264 ## - წარმოების, გამოცემის, დისტრიბუციის და სხვა ცნობები
გამოცემის, წარმოების, დისტრიბუციის... ადგილი თბილისი :
გამოცემის, წარმოების, დისტრიბუციის... სახელწოდება საქმედგამი,
გამოცემის, წარმოების, დისტრიბუციის... თარიღი 1954.
300 ## - ფიზიკური აღწერა
Extent 30 გვ. :
Other physical details 3 ფ. ილ. ;
Dimensions 21 სმ.
653 ## - INDEX TERM--UNCONTROLLED
Uncontrolled term კურორტები საქართველოში
700 ## - ADDED ENTRY--PERSONAL NAME
Personal name წულუკიძე, ა.
Relator term რედაქტორი
9 (RLIN) 22487
942 ## - ADDED ENTRY ELEMENTS (KOHA)
Source of classification or shelving scheme
Koha item type წიგნი
ეგზემპლარები
ჩამოწერის სტატუსი დაკარგული ეგზემპლარის სტატუსი კლასიფიკაციის წყარო ან თაროზე გაწყობის სქემა დაზიანების სტატუსი არ გაიცემა მუდმივი მდებარეობა (დაცვის ადგილი) ამჟამინდელი ადგილსამყოფელი თაროზე განთავსების ადგილი შეძენის თარიღი ღირებულება, შესყიდვის ნორმალური ფასი სრული შენახვის შიფრი შტრიხკოდი ბოლო ოპერაციის თარიღი ეგზემპლარის მიმდევრობითი ნომერი (კეტერი?) ფასის ძალაში შესვლის თარიღი ეგზემპლარის სახეობა საჯარო შენიშვნა
          ბათუმის შოთა რუსთაველის სახელმწიფო უნივერსიტეტის მთავარი ბიბლიოთეკა ბათუმის შოთა რუსთაველის სახელმწიფო უნივერსიტეტის მთავარი ბიბლიოთეკა წიგნსაცავი 2024-06-19 0.28 615.838(479.22) ნ-63 68260 2024-06-19 68260 2024-06-19 წიგნი 0.28 ლ.
          ბათუმის შოთა რუსთაველის სახელმწიფო უნივერსიტეტის მთავარი ბიბლიოთეკა ბათუმის შოთა რუსთაველის სახელმწიფო უნივერსიტეტის მთავარი ბიბლიოთეკა წიგნსაცავი 2024-06-19 0.28 615.838(479.22) ნ-63 68261 2024-06-19 68261 2024-06-19 წიგნი 0.28 ლ.